Countries That Have Consumed The Most Apples? - Statistics

General Stats
  • This quiz has been taken 24 times
  • The average score is 7 of 10
Answer Stats
Answer % Correct
China
90%
Russia
90%
United States of America
90%
Japan
86%
United Kingdom
86%
Germany
81%
India
81%
Turkey
62%
Iran
48%
South Africa
29%
No matching quizzes found
Score Distribution
Percent of People with Each Score
Percentile by Number Answered
Your Score History
You have not taken this quiz